000 003320000a22001450004500
003 MACL
040 _aMACL
090 _c31748
_d31746
100 _aGreenberg, Seth
245 _aDigital Images a Practical Guide
260 _bTata Mc Graw hill Edition
350 _a295
650 _aComputer science
942 _cBOOK
_k004.611/Gre
999 _c31428
_d31428